000 00535nam a2200181Ia 4500
999 _c13770
_d13770
003 OSt
005 20201015094120.0
008 190216s9999||||xx |||||||||||||| ||und||
022 _20333912179
040 _coclc
082 _a821.7
_bBLA/S
100 _aBlake, William
_95139
245 0 _aSongs Of Innocence Songs Of Experience /
_cWilliam Blake
260 _bLakshmi Narain Agarwal Pub,
_c1997.
_aBanglaore :
300 _a101p
650 _aEnglish Poetry
942 _cBK
_2ddc
_h821.7
_iBLA/S
_k821.7
_mBLA/S